Piłkarze z największą ilością meczów z Lionel Messi w jednej drużynie - Statystyki

Ogólne statystyki
  • Ten quiz został rozwiązany 50 razy
  • Średni wynik to 8 z 10
Statystyki odpowiedzi
Liczba meczów Piłkarz % Poprawnych
325 gra nadal Luis Suarez
98%
399 Xavi
98%
489 Andrés Iniesta
94%
651 Sergio Busquets
88%
506 Gerard Piqué
85%
421 Jordi Alba
81%
353 Víctor Valdés
73%
349 Dani Alves
69%
414 Javier Mascherano
65%
277 Ivan Rakitic
29%
Nie znaleziono quizów pasujących do podanych kryteriów
Rozkład punktacji
Procent ludzi z każdym wynikiem
Percentyl według liczby udzielonych odpowiedzi
Twoja historia wyników
Nie rozwiązałeś tego quizu